000 00508nam a2200193 a 4500
001 11511
003 CO-ViMGA
008 141112s2004 ck r 000 u spa d
020 _a9802761753
040 _aCO-ViMGA
_bspa
_cCO-ViMGA
082 0 4 _a986.02 A674c3
100 1 _aArciniegas, Germán
245 1 0 _aLos comuneros
260 _aCaracas,
_cBiblioteca Ayacucho,
_c1992
300 _a176 p.
590 _aEjemplares : V.1, V.2
650 1 4 _aINSURRECCION DE LOS COMUNEROS 1781
_915999
942 _2ddc
_cBK
999 _c22706
_d22706